000 00940nam a2200265 a 4500
005 20200104041508.0
008 140220b1994 ck ao r|||| 00| 0 spa d
040 _aCO-BoIAVH
_cCO-BoIAVH
041 0 _aspa
044 _ack
082 0 4 _a372.425
_bC82c
110 2 _aCorporación Autónoma Regional del Putumayo
245 1 _aCultura de selva Putumayo en creación /
_cCorporación Autónoma Regional del Putumayo
260 _aBogotá :
_bCorporación Autónoma Regional del Putumayo,
_c1994.
300 _a72 páginas :
_bIlustraciones, cuadros, Fotografías ;
_c20 x 23 cm.
650 6 _aAgricultura sostenible
650 6 _aDesarrollo agropecuario
650 6 _aEducación ambiental
650 6 _aAprovechamiento forestal
650 6 _aAgroecosistemas
650 6 _aConservación de bosques
650 6 _aManejo forestal
662 _aColombia
_bPutumayo
942 _cLIBRO
_2ddc
999 _c252
_d252